Texto de Español

Bibliographic Details
Main Author: Rivas Escoto, lea Catalina
Format: Section = Libro
Language:Undetermined
Spanish
Published: Nicaragua [s.e.] 2013
Subjects:
LEADER 00472nam a2200193Ia 4500
008 240830s9999 xx 000 0 und d
020 |a 978-99924-1-027-1 
040 |a B-ESTELÍ- RUACS / 465 E74 
041 |a spa 
082 |a 465 E74 
100 1 |a Rivas Escoto, lea Catalina 
245 1 0 |a Texto de Español 
260 |a Nicaragua  |b [s.e.]  |c 2013 
300 |a 146 p. 
650 7 |a ESPAÑOL 
650 7 |b  TEXTO DE ENSENANZA 
942 |c BK  |2 ddc 
991 |a TEXTO 
999 |c 10877